The labyrinth : a history of the New Harmony labyrinth, including some special study of the spiritual and mystical life of its builders, the Rappites, and a brief survey of labyrinths generally /

Bibliographic Details
Main Author: Lockridge, Ross F. (Ross Franklin), 1877-1952
Corporate Author: New Harmony Memorial Commission (Ind.)
Format: Book
Language:English
Published: Westport, Conn. : Hyperion Press, 1975.
Series:Radical tradition in America.
Subjects:

MARC

Tag First Indicator Second Indicator Subfields
LEADER 00000cam a22000008i 4500
001 in00000497828
005 20151013060734.0
008 750926r19751941ctu b 00010 eng
010 |a  75000336  
020 |c $11.50 
035 |a (OCoLC)01818100 
035 |9 ACC8710AM 
040 |a DLC  |c DLC  |d TXA  |d UtOrBLW 
043 |a n-us-in 
049 |a TXAM  |c [1237872] 
050 0 0 |a HX656.N5  |b L78 1975 
082 0 |a 335.977234 
100 1 |a Lockridge, Ross F.  |q (Ross Franklin),  |d 1877-1952. 
245 1 4 |a The labyrinth :  |b a history of the New Harmony labyrinth, including some special study of the spiritual and mystical life of its builders, the Rappites, and a brief survey of labyrinths generally /  |c by Ross F. Lockridge, director of the New Harmony Memorial Commission, in collaboration with other members of the commission. 
264 1 |a Westport, Conn. :  |b Hyperion Press,  |c 1975. 
300 |a 94 pages :  |b illustrations ;  |c 23 cm. 
336 |a text  |b txt  |2 rdacontent 
337 |a unmediated  |b n  |2 rdamedia 
338 |a volume  |b nc  |2 rdacarrier 
490 1 |a Radical tradition in America 
500 |a Reprint of the 1941 edition published by the New Harmony Memorial Commission, New Harmony, index. 
610 2 0 |a Harmony Society. 
650 0 |a Labyrinths. 
710 2 |a New Harmony Memorial Commission (Ind.) 
830 0 |a Radical tradition in America. 
999 |a MARS 
999 f f |s b4b4e979-6251-312b-8665-76034e26eb2d  |i c72cdb35-6195-3b49-9728-f078aed8aa6a  |t 0 
952 f f |p ric  |a Texas A&M University  |b Rellis Campus  |c Joint Library Facility  |d Remote Storage  |t 0  |e HX656.N5 L78 1975  |h Library of Congress classification  |i unmediated -- volume  |m A14803059974 
998 f f |a HX656.N5 L78 1975  |t 0  |l Remote Storage